00453nam a2200133Ia 4500008004100000040001800041041000800059245005800067260007000125300004500195500002100240650003100261650002700292130821s xx gs spa  aCo-BoUCMbspa aspa00aSeminario Reforma Administrativac[videograbación] a[Lugar desconocido]b[Editorial desconocida]c[fecha desconocida] a1 videocasette beta 3 horas - vhse1 DVD aAbril 23 de 199304aAdministración pública04aReforma administrativa